| 000 | 00403nam a22001697a 4500 | ||
|---|---|---|---|
| 003 | MPLRDC | ||
| 005 | 20220104144430.0 | ||
| 008 | 210129b ||||| |||| 00| 0 eng d | ||
| 082 | _a859.6 ZGMJ-6 v.2 | ||
| 100 | _a不详 | ||
| 245 |
_a女娟救父 _c |
||
| 260 |
_a _b人民书局有限公司 _c |
||
| 300 | _b平 | ||
| 490 | _a中国民间历史故事 | ||
| 650 | _a | ||
| 942 |
_cBK _o859.6 ZGMJ-6 v.2 |
||
| 999 |
_c49547 _d49537 |
||